000 01125nam1a22002411i 4500
001 rc\4020117
005 20240726003415.0
035 _a(NLR Aleph) 008085905
090 _a9153326
_c9153326
100 _a20130415d1953 |||y0rusy50 ca
101 0 _arus
102 _aRU
105 _a z |||||
200 1 _aГосударственная племенная книга лошадей кабардинской породы
_fМ-во сельского хозяйства СССР. Инспекция по плем. делу М-ва сельского хозяйства Кабард. АССР
210 _aНальчик
_cКабард. кн. изд-во
_d1953
215 _d27
300 _aЗагл. т. 2: Государственная племенная книга кабардинских лошадей
517 0 _aГосударственная племенная книга кабардинских лошадей
606 _aЛошади кабардинские
_jПлеменные книги
_2psbo
801 0 _aRU
_bNLR
_gpsbo
801 1 _aRU
_bELAR
_2rusmarc
852 _aNLR
_jС90 Г-5/70-3
942 _cBOOK